English Football League Players Records 2024 - Statistics

General Stats
  • This quiz has been taken 8 times
  • The average score is 6 of 26
Answer Stats
Record Club Player % Correct
Most League Goals in a Season (60) Everton Dixie Dean
86%
Most Career Hat-tricks (37) Tranmere, Everton Dixie Dean
86%
Most Titles Won by Individual Player (13) Manchester United Ryan Giggs
86%
Longest Goalkeeping Run without Conceding (1311 minutes) Manchester United Edwin van der Saar
57%
Highest Transfer Fee Paid (£115m) Chelsea Moises Caicedo
57%
Highest Transfer Fee Received (£142m) Liverpool Philippe Coutinho
57%
Most Consecutive League Appearances (375) Tranmere Rovers Harold Bell
43%
Most League Appearances for one Club (785) MK Dons Dean Lewington
29%
Most Career League Appearances (1005) Multiple Peter Shilton
29%
Youngest Hat-trick Goalscorer (16 years 317 days) Birmingham City Trevor Francis
29%
Fastest Debut Goal (7 seconds) Southend United Freddie Eastwood
14%
Most Career League Goals (434) Multiple Arthur Rowley
0%
Most Own Goals in one Season (5) Middlesbrough Bobby Stuart
0%
Fastest Yellow Card (0 seconds) Cambridge United Carlo Corazzin
0%
Fastest Goal (3.5 seconds) Barrow Colin Cowperthwaite
0%
Most Hat-tricks in one Season (9) Middlesbrough George Camsell
0%
Fastest Hat-trick (2 minutes 21 seconds) Bournemouth James Hayter
0%
Most Goals in a Game (10) Luton Town Joe Payne
0%
Fastest Red Card (13 seconds) Sheffield Wednesday Kevin Pressman
0%
Oldest Player (51 years 20 days) New Brighton Neil McBain
0%
Fastest Goal by Substitute (6 seconds) Arsenal Nicklas Bendtner
0%
Youngest Player (15 years 45 days) Barnsley Reuben Noble-Lazarus
0%
Youngest Goalscorer (15 years 180 days) Bristol Rovers Ronnie Dix
0%
Most Career Red Cards (13) Colchester, Exeter, Southend | Wigan, Leicester Roy McDonough | Steve Walsh
0%
Most Career League Appearances - Outfield Player (931) Multiple Tony Ford
0%
Fastest Red Card for Substitute (0 seconds) Swansea | Sheffield United Walter Boyd | Keith Gillespie
0%
No matching quizzes found
Score Distribution
Percent of People with Each Score
Percentile by Number Answered
Your Score History
You have not taken this quiz